000
00268nam a2200109Ia 4500
008
200302s9999 xx 000 0 und d
100
_a
Greg Lynn Form
245
_a
Design Document Series 15: Predator
260
_b
Suh Kyongwon, Germany
260
_c
2006
300
_a
191
999
_c
4635
_d
4635